00225nam a2200085Ia 450000100070000000500170000700800410002424500530006526000210011871723320250826162959.0250824s9999 xx 000 0 und d 0aİSTANBULDA BİR RAMAZANcCENAB ŞAHABEDDİN bDERGAH YAYINLARI